The Mysore revenue survey manual. (Record no. 81080)
[ view plain ]
| 000 -LEADER | |
|---|---|
| fixed length control field | 00649cam a22002051 4500 |
| 001 - CONTROL NUMBER | |
| control field | sa 68006029 |
| 003 - CONTROL NUMBER IDENTIFIER | |
| control field | DLC |
| 005 - DATE AND TIME OF LATEST TRANSACTION | |
| control field | 20260227112513.0 |
| 008 - FIXED-LENGTH DATA ELEMENTS--GENERAL INFORMATION | |
| fixed length control field | 710915s1966 ii a 00010 eng |
| 010 ## - LIBRARY OF CONGRESS CONTROL NUMBER | |
| LC control number | sa 68006029 //r85 |
| 025 ## - OVERSEAS ACQUISITION NUMBER | |
| Overseas acquisition number | PL480:I-E-8298 |
| 050 0# - LIBRARY OF CONGRESS CALL NUMBER | |
| Classification number | HJ4387.M9 |
| Item number | A49 |
| 082 ## - DEWEY DECIMAL CLASSIFICATION NUMBER | |
| Classification number | 354.54/87/00724213 |
| 110 10 - MAIN ENTRY--CORPORATE NAME | |
| Corporate name or jurisdiction name as entry element | Mysore (India : State) |
| 245 14 - TITLE STATEMENT | |
| Title | The Mysore revenue survey manual. |
| 260 0# - PUBLICATION, DISTRIBUTION, ETC. | |
| Place of publication, distribution, etc. | Bangalore, |
| Name of publisher, distributor, etc. | Printed by the Director of Print., Stationery and Publications at the Govt. Press, |
| Date of publication, distribution, etc. | 1966. |
| 300 ## - PHYSICAL DESCRIPTION | |
| Extent | 2 v. in 1. |
| Other physical details | illus. |
| Dimensions | 21 cm. |
| 350 ## - PRICE (NR) (BK AM CF MU VM SE) [OBSOLETE] | |
| Price | Rs8 |
| 650 #0 - SUBJECT ADDED ENTRY--TOPICAL TERM | |
| Topical term or geographic name entry element | Land value taxation |
| Geographic subdivision | Mysore |
| General subdivision | Handbooks, manuals, etc. |
No items available.